• 首页
  • 本馆介绍
  • 公告通知
  • 最新文献
  • 馆藏检索
  • 电子资源
  • 读者导购
  • 参考咨询
  • 我的图书馆
  • 登录
  • 详细信息显示
  • 放入我的书架
  • 预约/预借图书
  • 作者相关作品
  • 分类相关作品
  • 丛书相关作品
  • 出版社相关作品

书目信息

  • 表格格式
  • 工作单格式
  • 卡片格式
题名:
木器涂料涂装技术问答
    
 
作者: 杨世芳 主编
分册:  
出版信息: 北京   化学工业出版社  2008
页数: 299页
开本: 21cm
丛书名:
单 册:
中图分类: TS664.05
科图分类:
主题词: 木制品--涂漆--基本知识 , 木制品 , 涂漆
电子资源:
ISBN: 978-7-122-01681-2
000 00789nam0 2200253 45
001 1033030593
005 20100407100020.04
010    @a978-7-122-01681-2@dCNY25.00
100    @a20100331d2008 em y0chiy50 ea
101 0  @achi
102    @aCN@b110000
105    @ay z 000yy
106    @ar
200 1  @a木器涂料涂装技术问答@AMu Qi Tu Liao Tu Zhuang Ji Shu Wen Da@f杨世芳主编@FYang Shi Fang Zhu Bian
210    @a北京@c化学工业出版社@d2008
215    @a299页@d21cm
330    @a本书以简单而概括性较强的问题针对与涂料涂装技术有关的基础性知识作了解答。
606 0  @a木制品@x涂漆@x基本知识
606 0  @a木制品
606 0  @a涂漆
690    @aTS664.05@v4
701  0 @a杨世芳@AYang Shi Fang@f(1962~)@4主编
801  0 @aCN@bTANGWEI@c20100407
905    @b0587702-06@dTS664.05@e47@f5
    
    木器涂料涂装技术问答/杨世芳主编.-北京:化学工业出版社,2008
    299页;21cm
    
    
    ISBN 978-7-122-01681-2:CNY25.00
    本书以简单而概括性较强的问题针对与涂料涂装技术有关的基础性知识作了解答。
●
相关链接 在E读中查询图书 在五车中查询图书 在当当中查询图书 在豆瓣中查询图书


正题名:木器涂料涂装技术问答     索取号:TS664.05/47         预约/预借

序号 登录号 条形码 馆藏地/架位号 状态 备注
1 0587702   205877023   第二样本阅览室/ [索取号:TS664.05/47] 在馆    
2 0587703   205877032   第三借阅区/ [索取号:TS664.05/47] 在馆    
3 0587704   205877041   第三借阅区/ [索取号:TS664.05/47] 在馆    
4 0587705   205877050   第三借阅区/ [索取号:TS664.05/47] 在馆    
5 0587706   205877069   第三借阅区/ [索取号:TS664.05/47] 在馆    
唐山师范学院图书馆 欢迎您!
大连网信软件有限公司© 版权所有